Tetrahedrites from the Baia Mare neogene ore district, Romania

Elmentve itt :
Bibliográfiai részletek
Szerzők: Damian Gh
Damian F.
Macovei Gh
Marias Z.
Denut I.
Iepure Gh
Costin D.
Testületi szerző: MCC, Minerals of the Carpathians International Conference (2000) (Miskolc)
Dokumentumtípus: Cikk
Megjelent: Szegedi Egyetem Ásványtani, Geokémiai és Kőzettani Tanszéke Szeged 2000
Sorozat:Acta mineralogica-petrographica 41
Kulcsszavak:Kőzettan - előadáskivonat, Ásványtan - előadáskivonat, Földtan - előadáskivonat
Tárgyszavak:
Online Access:http://acta.bibl.u-szeged.hu/24924
LEADER 01143nab a2200289 i 4500
001 acta24924
005 20220728110141.0
008 161017s2000 hu o 0|| eng d
022 |a 0365-8066 
040 |a SZTE Egyetemi Kiadványok Repozitórium  |b hun 
041 |a eng 
100 1 |a Damian Gh. 
245 1 0 |a Tetrahedrites from the Baia Mare neogene ore district, Romania  |h [elektronikus dokumentum] /  |c  Damian Gh. 
260 |a Szegedi Egyetem Ásványtani, Geokémiai és Kőzettani Tanszéke  |b Szeged  |c 2000 
300 |a 28 
490 0 |a Acta mineralogica-petrographica  |v 41 
650 4 |a Természettudományok 
650 4 |a Föld- és kapcsolódó környezettudományok 
695 |a Kőzettan - előadáskivonat, Ásványtan - előadáskivonat, Földtan - előadáskivonat 
700 0 1 |a Damian F.  |e aut 
700 0 1 |a Macovei Gh.  |e aut 
700 0 1 |a Marias Z.  |e aut 
700 0 1 |a Denut I.  |e aut 
700 0 1 |a Iepure Gh.  |e aut 
700 0 1 |a Costin D.  |e aut 
710 |a MCC, Minerals of the Carpathians International Conference (2000) (Miskolc) 
856 4 0 |u http://acta.bibl.u-szeged.hu/24924/1/mineralogica_041_suppl_028.pdf  |z Dokumentum-elérés